Normal view MARC view

Entry Personal Name

Number of records used in: 2

001 - CONTROL NUMBER

  • control field: 45073

003 - CONTROL NUMBER IDENTIFIER

  • control field: dpl

005 - DATE AND TIME OF LATEST TRANSACTION

  • control field: 20120413144331.0

008 - FIXED-LENGTH DATA ELEMENTS

  • fixed length control field: 120413|||a|||||| | ||| d

040 ## - CATALOGING SOURCE

  • Original cataloging agency: dpl
  • Transcribing agency: dpl

100 ## - HEADING--PERSONAL NAME

  • Personal name: Mitra, A.

670 ## - SOURCE DATA FOUND

  • Source citation: Work cat.: (dpl): Mitra, A., Internal migration and economic development in the hills /, 1997

670 ## - SOURCE DATA FOUND

  • Source citation: Work cat.: (dpl): Mitra, A., Internal migration and economic development in the hills /, 1997

© Delhi Public Library
Hit Counter
free hit counter